Tutte le suddivisioni dell'Oceania su una Mappa - Statistics

Statistiche generali
  • Questo quiz è stato fatto 3 volte
  • Il punteggio medio è 23 su 220
Risposte nella Mappa
Le risposte nella mappa del quiz sottostante sono codificate secondo una scala di colori dal rosso al verde in base alla % di persone che hanno risposto correttamente.
 
Statistiche sulle risposte
Paese Tipo Suddivisione % Corretto
Nuova Zelanda Regione Auckland
100%
Australia Stato Australia Occidentale
100%
Stati Uniti Stato Hawaii
100%
Francia Collectivà Sui Generis Nuova Caledonia
100%
Australia Stato Nuovo Galles del Sud
100%
Nuova Zelanda Regione Tasman
100%
Nuova Zelanda Regione Wellington
100%
Fiji Regione Centrale
67%
Papua Nuova Guinea Provincia Centrale
67%
Isole Salomone Provincia Centrale
67%
Papua Nuova Guinea Distretto Distretto della Capitale Nazionale
67%
Stati Uniti Territorio Guam
67%
Indonesia Provincia Papua
67%
Francia Collectivà Polinesia Francese
67%
Nuova Zelanda Regione Southland
67%
Australia Stato Tasmania
67%
Australia Territorio Interno Territorio della Capitale Australiana
67%
Australia Stato Victoria
67%
Nauru Distretto Yaren
67%
Palau Stato Angaur
33%
Australia Stato Australia Meridionale
33%
Papua Nuova Guinea Regione Bougainville
33%
Tuvalu Isola Funafuti
33%
Australia Territorio Esterno Isola Norfolk
33%
Stati Uniti Territorio Isole Marianne Settentrionali
33%
Regno Unito Territorio Isole Pitcairn
33%
Palau Stato Koror
33%
Isole Marshall Municipalità Lae
33%
Isole Marshall Municipalità Lib
33%
Nuova Zelanda Regione Northland
33%
Fiji Regione Occidentale
33%
Papua Nuova Guinea Provincia Occidentale
33%
Isole Salomone Provincia Occidentale
33%
Fiji Regione Orientale
33%
Papua Nuova Guinea Provincia Oro
33%
Australia Stato Queensland
33%
Stati Uniti Territorio Samoa Americane
33%
Fiji Regione Settentrionale
33%
Australia Territorio interno Territorio della Baia di Jervis
33%
Australia Territorio esterno Territorio del Nord
33%
Nuova Zelanda Territorio Tokelau
33%
Francia Collectivà Wallis e Futuna
33%
Samoa Distretto Aʻana
0%
Kiribati Consiglio Abaiang
0%
Kiribati Consiglio Abemama
0%
Samoa Distretto Aiga-i-le-Tai
0%
Isole Marshall Municipalità Ailinglaplap
0%
Isole Marshall Municipalità Ailuk
0%
Palau Stato Aimeliik
0%
Palau Stato Airai
0%
Isole Cook Consiglio Aitutaki
0%
Nauru Distretto Aiwo
0%
Niue Villagio Alofi Nord
0%
Niue Villagio Alofi Sud
0%
Papua Nuova Guinea Provincia Altopiani del Sud
0%
Papua Nuova Guinea Provincia Altopiani Occidentali
0%
Papua Nuova Guinea Provincia Altopiani Orientali
0%
Nauru Distretto Anabar
0%
Nauru Distretto Anetan
0%
Nauru Distretto Anibare
0%
Kiribati Consiglio Aranuka
0%
Isole Marshall Municipalità Arno
0%
Kiribati Consiglio Arorae
0%
Isole Cook Distretto Arorangi
0%
Isole Cook Consiglio Atiu
0%
Samoa Distretto Atua
0%
Isole Marshall Municipalità Aur
0%
Isole Cook Distretto Avarua
0%
Niue Villagio Avatele
0%
Nuova Zelanda Regione Baia dell'Abbondanza
0%
Nuova Zelanda Regione Baia di Hawke
0%
Papua Nuova Guinea Provincia Baia di Milne
0%
Nauru Distretto Baitsi
0%
Kiribati Consiglio Banaba
0%
Kiribati Consiglio Beru
0%
Kiribati Consiglio Betio
0%
Nauru Distretto Boe
0%
Nauru Distretto Buada
0%
Kiribati Consiglio Butaritari
0%
Nuova Zelanda Regione Canterbury
0%
Kiribati Consiglio Canton
0%
Papua Nuova Guinea Provincia Chimbu
0%
Isole Salomone Provincia Choiseul
0%
Stati Federati di Micronesia Stato Chuuk
0%
Nauru Distretto Denigomodu
0%
Isole Marshall Municipalità Ebon
0%
Isole Marshall Municipalità Enewetak | Ujelang
0%
Papua Nuova Guinea Provincia Enga
0%
Tonga Divisione ʻEua
0%
Kiribati Consiglio Eutan
0%
Nauru Distretto Ewa
0%
Samoa Distretto Faʻasaleleaga
0%
Samoa Distretto Gagaʻemauga
0%
Samoa Distretto Gagaʻifomauga
0%
Nuova Zelanda Regione Gisborne
0%
Papua Nuova Guinea Provincia Golfo
0%
Isole Salomone Provincia Guadalcanal
0%
Tonga Divisione Haʻapai
0%
Niue Villagio Hakupu
0%
Palau Stato Hatohobei
0%
Papua Nuova Guinea Provincia Hela
0%
Niue Villagio Hikutavake
0%
Isole Salomone Capitale Honiara
0%
Nauru Distretto Ijuw
0%
Isole Salomone Provincia Isabel
0%
Isole Marshall Municipalità Jabat
0%
Isole Marshall Municipalità Jaluit
0%
Papua Nuova Guinea Provincia Jiwaka
0%
Palau Stato Kayangel
0%
Isole Marshall Municipalità Kili | Bikini | Ejit
0%
Kiribati Consiglio Kiritimati
0%
Stati Federati di Micronesia Stato Kosrae
0%
Kiribati Consiglio Kuria
0%
Isole Marshall Municipalità Kwajalein
0%
Niue Villagio Lakepa
0%
Niue Villagio Liku
0%
Papua Nuova Guinea Provincia Madang
0%
Kiribati Consiglio Maiana
0%
Isole Marshall Municipalità Majuro
0%
Isole Marshall Municipalità Majuro
0%
Niue Villagio Makefu
0%
Kiribati Consiglio Makin
0%
Isole Salomone Provincia Makira-Ulawa
0%
Isole Salomone Provincia Malaita
0%
Vanuatu Provincia Malampa
0%
Isole Marshall Municipalità Maloelap
0%
Nuova Zelanda Regione Manawatū-Whanganui
0%
Isole Cook Consiglio Mangaia
0%
Isole Cook Consiglio Manihiki
0%
Papua Nuova Guinea Provincia Manus
0%
Kiribati Council Marakei
0%
Nuova Zelanda Regione Marlborough
0%
Isole Cook Distretto Matavera
0%
Cook Islands Consiglio Mauke
0%
Isole Marshall Municipalità Mejit
0%
Palau Stato Melekeok
0%
Nauru Distretto Meneng
0%
Isole Marshall Municipalità Mili
0%
Isole Cook Consiglio Mitiaro
0%
Papua Nuova Guinea Provincia Morobe
0%
Niue Villagio Mutalau
0%
Isole Marshall Municipalità Namdrik
0%
Isole Marshall Municipalità Namu
0%
Niue Villagio Namukulu
0%
Tuvalu Isola Nanumanga
0%
Tuvalu Isola Nanumea
0%
Nuova Zelanda Regione Nelson
0%
Palau Stato Ngaraard
0%
Palau Stato Ngarchelong
0%
Palau Stato Ngardmau
0%
Isole Cook Distretto Ngatangiia
0%
Palau Stato Ngatpang
0%
Palau Stato Ngchesar
0%
Palau Stato Ngeremlengui
0%
Palau Stato Ngiwal
0%
Nauru Distretto Nibok
0%
Kiribati Consiglio Nikunau
0%
Tonga Divisione Niua
0%
Tuvalu Isola Niutao
0%
Kiribati Consiglio Nonouti
0%
Tuvalu Isola Nui
0%
Tuvalu Isola Nukufetau
0%
Tuvalu Isola Nukulaelae
0%
Papua Nuova Guinea Provincia Nuova Britannia Occidentale
0%
Papua Nuova Guinea Provincia Nuova Britannia Orientale
0%
Papua Nuova Guinea Provincia Nuova Irlanda
0%
Kiribati Consiglio Onotoa
0%
Nuova Zelanda Regione Otago
0%
Samoa Distretto Palauli
0%
Isole Cook Consiglio Palmerston
0%
Indonesia Provincia Papua Centrale
0%
Indonesia Provincia Papua Meridionale
0%
Indonesia Provincia Papua Occidentale
0%
Indonesia Provincia Papua Pegunungan
0%
Indonesia Provincia Papua Sud-occidentale
0%
Palau Stato Peleliu
0%
Vanuatu Provincia Penama
0%
Isole Cook Consiglio Penrhyn
0%
Stati Federati di Micronesia Stato Pohnpei
0%
Isole Cook Consiglio Pukapuka
0%
Isole Cook Consiglio Rakahanga
0%
Isole Salomone Provincia Rennell e Bellona
0%
Isole Marshall Municipalità Rongelap
0%
Fiji Dipendenza Rotuma
0%
Papua Nuova Guinea Provincia Sandaun
0%
Vanuatu Provincia Sanma
0%
Samoa Distretto Satupaʻitea
0%
Papua Nuova Guinea Provincia Sepik Orientale
0%
Vanuatu Provincia Shefa
0%
Palau Stato Sonsorol
0%
Kiribati Consiglio Tabiteuea Nord
0%
Kiribati Consiglio Tabiteuea Sud
0%
Kiribati Consiglio Tabuaeran
0%
Vanuatu Provincia Tafea
0%
Isole Cook Distretto Takitumu
0%
Niue Villagio Tamakautoga
0%
Kiribati Consiglio Tamana
0%
Nuova Zelanda Regione Taranaki
0%
Kiribati Consiglio Teinainano
0%
Isole Salomone Provincia Temotu
0%
Kiribati Consiglio Teraina
0%
Nuova Zelanda Territorio Territorio delle Isole Chatham
0%
Niue Villagio Toi
0%
Tonga Divisione Tongatapu
0%
Vanuatu Provincia Torba
0%
Samoa Distretto Tuamasaga
0%
Niue Villagio Tuapa
0%
Nauru Distretto Uaboe
0%
Isole Marshall Municipalità Ujae
0%
Isole Marshall Islands Municipalità Utirik
0%
Samoa Distretto Va'a-o-Fonoti
0%
Niue Villagio Vaiea
0%
Samoa Distretto Vaisigano
0%
Tuvalu Isola Vaitupu
0%
Tonga Divisione Vavaʻu
0%
Nuova Zelanda Regione Waikato
0%
Nuova Zelanda Regione West Coast
0%
Isole Marshall Municipalità Wotho
0%
Isole Marshall Municipalità Wotje
0%
Stati Federati di Micronesia Stato Yap
0%
Nessun quiz corrispondente trovato
Distribuzione punteggi
Percentuale di utenti per punteggio
Percentile per numero di risposta
I tuoi punteggi nel tempo
Non hai fatto questo quiz